Ingeborg Bachmanns Rezeption in der Slowakei
Gespeichert in:
| 1. Verfasser: | |
|---|---|
| Format: | Buchkapitel |
| Sprache: | Deutsch |
| Schlagworte: | |
| Tags: |
Keine Tags, Fügen Sie das erste Tag hinzu!
|
MARC
| LEADER | 00000naa$a2200000$$$4500 | ||
|---|---|---|---|
| 001 | 0315443 | ||
| 005 | 20260317094224.5 | ||
| 041 | 0 | |a ger | |
| 044 | |a CH | ||
| 245 | 1 | 0 | |a Ingeborg Bachmanns Rezeption in der Slowakei |c Eva Höhn |
| 610 | 2 | 0 | |a literatúra |
| 610 | 2 | 0 | |a kultúra |
| 610 | 2 | 0 | |a Rakúsko |
| 100 | 1 | |a Höhn, Eva, 1968- | |